000 00495nam a2200193Ia 4500
001 12327
003 GE_BSU
008 181216s||||||||xx |||||||||||||| ||und||
040 _cGE_BSU
080 _a581.132
100 _aГюббенет,Е.Р.
245 _aРастение и хлорофилл
260 _aМосква
260 _bАкад.Наук СССР
260 _c1951
300 _a246стр.илл.23см.
653 _aРастение и хлорофилл
942 _cBK
999 _c45502
_d45502